[Event "Frankfurt-chA"]
[Site "Frankfurt"]
[Date "2019.05.27"]
[Round "5"]
[White "Stricker, Konstantin"]
[Black "Stulken, Dietmar"]
[Result "1/2-1/2"]
[WhiteElo "1589"]
[BlackElo "1267"]
[PlyCount "116"]
[EventDate "2019.04.29"]
[EventType "swiss"]
[EventRounds "7"]
[EventCountry "GER"]
[SourceTitle "EXT 2020"]
[Source "ChessBase"]
[SourceDate "2019.10.17"]
[SourceVersion "1"]
[SourceVersionDate "2019.10.17"]
[SourceQuality "1"]

1. e4 e5 2. Nf3 Nc6 3. Bb5 a6 4. Ba4 Nf6 5. 0-0 b5 6. Bb3 Be7 7. Re1 d6 8. h3 Na5 9. a4 Nxb3 10. cxb3 Bb7 11. d3 c5 12. Nbd2 b4 13. Nc4 Qc7 14. a5 0-0 15. Bg5 h6 16. Bh4 Rfe8 17. Ne3 Bc8 18. Qe2 Be6 19. Nc4 Bxc4 20. bxc4 Rab8 21. Kh1 Nh7 22. Qd2 Qd8 23. Bxe7 Qxe7 24. Rg1 Kh8 25. g3 Rg8 26. Nh4 Qg5 27. Qxg5 Nxg5 28. Kg2 g6 29. Raf1 Ne6 30. f4 g5 31. fxg5 Rxg5 32. Rxf7 Nf4+ 33. Kh2 Nxd3 34. Rg2 Nc1 35. Rf6 Rd8 36. Nf5 Nb3 37. Rxh6+ Kg8 38. h4 Rg4 39. Nxd6 Nxa5 40. Kh3 Rg7 41. Rf2 Rh7 42. Rff6 Rxh6 43. Rxh6 Kg7 44. Re6 Rxd6 45. Rxd6 Nxc4 46. Rxa6 Nxb2 47. Ra5 Nd3 48. Kg4 c4 49. Kf5 c3 50. Ra7+ Kg8 51. Kg6 Kf8 52. Kf6 Ke8 53. Rc7 Kd8 54. Rc4 Nb2 55. Rc5 Nd3 56. Rc4 Nb2 57. Rc5 Nd3 58. Rc4 Nb2 1/2-1/2

[Event "Frankfurt-chA"]
[Site "Frankfurt"]
[Date "2017.05.29"]
[Round "6"]
[White "Stulken, Dietmar"]
[Black "Hedrich, Gerd Ernst"]
[Result "1/2-1/2"]
[WhiteElo "1358"]
[BlackElo "1443"]
[PlyCount "63"]
[EventDate "2017.04.24"]
[EventType "swiss"]
[EventRounds "7"]
[EventCountry "GER"]
[SourceTitle "EXT 2018"]
[Source "ChessBase"]
[SourceDate "2017.10.13"]
[SourceVersion "1"]
[SourceVersionDate "2017.10.13"]
[SourceQuality "1"]

1. e4 c5 2. Nf3 Nc6 3. d4 cxd4 4. Nxd4 e5 5. Nb5 Nf6 6. Bg5 Be7 7. Bxf6 gxf6 8. Nd6+ Bxd6 9. Qxd6 Nd4 10. Bd3 Ne6 11. Nc3 b6 12. 0-0-0 Qc7 13. Nb5 Qxd6 14. Nxd6+ Ke7 15. Nf5+ Kd8 16. Bb5 a6 17. Bc6 Ra7 18. Bd5 Rf8 19. Nd6 Kc7 20. Nf5 Rd8 21. g3 Bb7 22. Rd3 Nc5 23. Rc3 Kb8 24. Bxb7 Nxb7 25. Rd1 d6 26. Ne7 Na5 27. Nc6+ Nxc6 28. Rxc6 Rad7 29. Rd5 Kb7 30. Rc3 Rc8 31. Rxc8 Kxc8 32. f3 1/2-1/2

[Event "Frankfurt-chA"]
[Site "Frankfurt"]
[Date "2017.05.15"]
[Round "4"]
[White "Ackermann, Robert"]
[Black "Stulken, Dietmar"]
[Result "1-0"]
[WhiteElo "1683"]
[BlackElo "1358"]
[PlyCount "31"]
[EventDate "2017.04.24"]
[EventType "swiss"]
[EventRounds "7"]
[EventCountry "GER"]
[SourceTitle "EXT 2018"]
[Source "ChessBase"]
[SourceDate "2017.10.13"]
[SourceVersion "1"]
[SourceVersionDate "2017.10.13"]
[SourceQuality "1"]

1. d4 d5 2. Nf3 Nf6 3. Bf4 c6 4. e3 e6 5. Nbd2 Bd6 6. Bd3 Bxf4 7. exf4 0-0 8. 0-0 Qc7 9. Ne5 Nbd7 10. c3 g6 11. Ndf3 Ne4 12. Bxe4 dxe4 13. Ng5 f5 14. Nxe6 Qd8 15. Nxd8 Rxd8 16. Qb3+ 1-0

[Event "Frankfurt-chA"]
[Site "Frankfurt"]
[Date "2016.04.25"]
[Round "1"]
[White "Raetsch, Kurt"]
[Black "Stulken, Dietmar"]
[Result "0-1"]
[WhiteElo "1790"]
[BlackElo "1349"]
[PlyCount "120"]
[EventDate "2016.04.25"]
[EventType "swiss"]
[EventRounds "9"]
[EventCountry "GER"]
[SourceTitle "EXT 2018"]
[Source "ChessBase"]
[SourceDate "2017.10.13"]
[SourceVersion "1"]
[SourceVersionDate "2017.10.13"]
[SourceQuality "1"]

1. f4 d5 2. Nf3 Nf6 3. e3 e6 4. Be2 Be7 5. 0-0 0-0 6. b3 c5 7. Bb2 Nc6 8. a4 a6 9. Na3 b6 10. Qe1 Ne4 11. Rd1 Bf6 12. c3 Bb7 13. d3 Nd6 14. e4 Ne8 15. e5 Be7 16. Nc2 g6 17. Ne3 f5 18. exf6 Bxf6 19. Ng4 Bg7 20. Ng5 Bc8 21. d4 h6 22. Qh4 hxg5 23. fxg5 Rf5 24. Rxf5 exf5 25. Nh6+ Bxh6 26. Qxh6 Ne7 27. dxc5 bxc5 28. Bf3 c4 29. Ba3 Ra7 30. Bc5 Rd7 31. bxc4 Ng7 32. cxd5 Nxd5 33. Bxd5+ Rxd5 34. Bd4 Rxd4 35. Rxd4 Qb6 36. Qh3 Ne6 37. Qd3 Nxd4 38. cxd4 Qe6 39. h3 Qe4 40. Qc4+ Be6 41. Qc3 f4 42. Qb4 Qe3+ 43. Kh2 Qg3+ 44. Kg1 f3 45. Qd2 Qxg2+ 46. Qxg2 fxg2 47. Kxg2 a5 48. Kf3 Bxh3 49. Ke4 Kf7 50. d5 Ke7 51. Ke5 Bf5 52. Kd4 Kd6 53. Kc4 Be4 54. Kb5 Bxd5 55. Kxa5 Ke5 56. Kb4 Kf4 57. Kc3 Kxg5 58. Kd2 Kf4 59. Ke2 Kg3 60. Kf1 Kh2 0-1

[Event "Frankfurt-chA"]
[Site "Frankfurt"]
[Date "2013.06.10"]
[Round "6"]
[White "Stulken, Dietmar"]
[Black "Reichel, Rolf"]
[Result "1/2-1/2"]
[WhiteElo "1427"]
[BlackElo "1776"]
[PlyCount "76"]
[EventDate "2013.04.29"]
[EventType "swiss"]
[EventRounds "7"]
[EventCountry "GER"]
[SourceTitle "EXT 2014"]
[Source "ChessBase"]
[SourceDate "2013.11.20"]
[SourceVersion "1"]
[SourceVersionDate "2013.11.20"]
[SourceQuality "1"]

1. e4 c5 2. Nf3 Nc6 3. Bb5 a6 4. Bxc6 bxc6 5. 0-0 d6 6. e5 Bg4 7. h3 Bh5 8. d3 d5 9. Nbd2 e6 10. Re1 h6 11. Nf1 Bg6 12. g4 Be7 13. Bf4 Rb8 14. b3 Rb4 15. Qd2 h5 16. g5 h4 17. a3 Rb7 18. Ne3 Bh5 19. Ng4 Bxg4 20. hxg4 d4 21. Kg2 Qd5 22. Qe2 Bd8 23. Qe4 Qxe4 24. Rxe4 Ne7 25. Rh1 Ng6 26. Bd2 a5 27. a4 Rd7 28. Kh3 Bc7 29. Ne1 Nxe5 30. f4 Ng6 31. f5 Ne5 32. fxe6 fxe6 33. Bf4 Rd5 34. Ng2 Kd7 35. Rhe1 Nf3 36. Rf1 Nxg5+ 37. Bxg5 Rxg5 38. Rf7+ Kd6 1/2-1/2

[Event "Frankfurt-chA"]
[Site "Frankfurt"]
[Date "2013.05.27"]
[Round "4"]
[White "Stulken, Dietmar"]
[Black "Richter, Wolfram"]
[Result "1-0"]
[WhiteElo "1427"]
[BlackElo "1519"]
[PlyCount "71"]
[EventDate "2013.04.29"]
[EventType "swiss"]
[EventRounds "7"]
[EventCountry "GER"]
[SourceTitle "EXT 2014"]
[Source "ChessBase"]
[SourceDate "2013.11.20"]
[SourceVersion "1"]
[SourceVersionDate "2013.11.20"]
[SourceQuality "1"]

1. e4 c5 2. c3 Nc6 3. d4 cxd4 4. cxd4 e6 5. Nf3 Nf6 6. e5 Nd5 7. Be2 a6 8. 0-0 b5 9. Nc3 Nb6 10. d5 exd5 11. Nxd5 Nc4 12. Bxc4 bxc4 13. Qe2 h6 14. Qxc4 Bb7 15. Qe2 Nb4 16. Nxb4 Bxb4 17. a3 Be7 18. Be3 0-0 19. Rfd1 Bc6 20. Nd4 Bb7 21. Qg4 Bg5 22. f4 f5 23. Nxf5 Be4 24. Ng3 Bxg2 25. Kxg2 Rc8 26. fxg5 Rc2+ 27. Rd2 Qa8+ 28. Qe4 Rc6 29. gxh6 g6 30. Rxd7 Rc2+ 31. Rd2 Rc6 32. Rf1 Rfc8 33. Rf6 Kh8 34. Rxc6 Rxc6 35. Qd5 Qe8 36. Qd8 1-0

[Event "Frankfurt-chA"]
[Site "Frankfurt"]
[Date "2012.05.14"]
[Round "3"]
[White "Sallwey, Rainer"]
[Black "Stulken, Dietmar"]
[Result "1/2-1/2"]
[WhiteElo "1561"]
[BlackElo "1418"]
[PlyCount "63"]
[EventDate "2012.04.30"]
[EventType "swiss"]
[EventRounds "7"]
[EventCountry "GER"]
[SourceTitle "EXT 2013"]
[Source "ChessBase"]
[SourceDate "2012.11.22"]
[SourceVersion "1"]
[SourceVersionDate "2012.11.22"]
[SourceQuality "1"]

1. d4 d5 2. c4 c6 3. cxd5 cxd5 4. Nc3 Nf6 5. Nf3 Nc6 6. g3 e6 7. a3 Be7 8. Bg2 0-0 9. 0-0 Qc7 10. Bf4 Qb6 11. Na4 Qd8 12. b4 a6 13. Rc1 Nh5 14. Bd2 Bd6 15. e3 Nf6 16. Bc3 Re8 17. Ba1 e5 18. dxe5 Nxe5 19. Nxe5 Bxe5 20. Bxe5 Rxe5 21. Qd4 Re8 22. Rfd1 Be6 23. Nc5 Rb8 24. Nxe6 fxe6 25. Qe5 Rc8 26. Bh3 Kf7 27. Qb2 Qb6 28. Bg2 Rc7 29. Rxc7+ Qxc7 30. Rc1 Qd7 31. Qc2 Re7 32. a4 1/2-1/2

[Event "Hessen-ch Gr-E 64th"]
[Site "Bad Vilbel"]
[Date "2010.04.03"]
[Round "3"]
[White "Stulken, Dietmar"]
[Black "Petrov, Petr1111"]
[Result "0-1"]
[WhiteElo "1323"]
[BlackElo "1442"]
[PlyCount "118"]
[EventDate "2010.03.31"]
[EventType "swiss"]
[EventRounds "5"]
[EventCountry "GER"]
[SourceTitle "EXT 2011"]
[Source "ChessBase"]
[SourceDate "2010.11.26"]
[SourceVersion "1"]
[SourceVersionDate "2010.11.26"]
[SourceQuality "1"]

1. e4 c6 2. d4 d5 3. exd5 cxd5 4. Nc3 Nf6 5. Bf4 Bf5 6. Bd3 Bxd3 7. Qxd3 Nc6 8. Nf3 e6 9. 0-0 Bd6 10. Bxd6 Qxd6 11. Rfe1 0-0 12. Ne5 Qb4 13. Nxc6 bxc6 14. a3 Qd6 15. h3 c5 16. Qe3 c4 17. Qe5 Qxe5 18. Rxe5 Rab8 19. Rb1 Rb7 20. Nd1 Rfb8 21. c3 Ne4 22. f3 Nd6 23. a4 Rb6 24. Re2 Ra6 25. Ra1 Nc8 26. Kf2 Nb6 27. a5 Na8 28. Ra4 Rb5 29. Rb4 Raxa5 30. Rxb5 Rxb5 31. Rc2 Nb6 32. Rc1 Na4 33. Rb1 Kf8 34. Ke2 Ke7 35. Kd2 a5 36. Kc2 Nb6 37. b3 Kf6 38. b4 axb4 39. Rxb4 Rxb4 40. cxb4 Kf5 41. g3 e5 42. Ne3+ Ke6 43. dxe5 Kxe5 44. Kd2 f5 45. Ng2 Kd4 46. Kc2 Nd7 47. Nf4 h6 48. Ne6+ Ke3 49. Nxg7 f4 50. gxf4 Kxf4 51. Ne6+ Kxf3 52. Nc7 d4 53. Ne6 d3+ 54. Kd2 Kg3 55. Nc5 Nb6 56. b5 Kxh3 57. Ne4 h5 58. Nf2+ Kg2 59. Nd1 h4 0-1

[Event "Rhein Main op 11th"]
[Site "Bad Homburg"]
[Date "2008.05.23"]
[Round "4"]
[White "Specht, Thomas"]
[Black "Stulken, Dietmar"]
[Result "1-0"]
[WhiteElo "1752"]
[BlackElo "1308"]
[PlyCount "101"]
[EventDate "2008.05.21"]
[EventType "swiss"]
[EventRounds "7"]
[EventCountry "GER"]
[SourceTitle "CBM 124 Extra"]
[Source "ChessBase"]
[SourceDate "2008.07.03"]
[SourceVersion "1"]
[SourceVersionDate "2008.07.03"]
[SourceQuality "1"]

1. d4 Nf6 2. Nf3 d5 3. c4 c6 4. Nc3 e6 5. e3 Bb4 6. Bd3 Bxc3+ 7. bxc3 0-0 8. 0-0 Qc7 9. Qc2 Nbd7 10. cxd5 exd5 11. c4 Qd6 12. a4 Re8 13. Ba3 Qb8 14. Nh4 Nf8 15. Nf5 Bxf5 16. Bxf5 Ne6 17. Rab1 g6 18. Bd3 Ng5 19. Qe2 Nge4 20. Rbc1 Qd8 21. f3 Ng5 22. Rce1 Ne6 23. Qc2 Rc8 24. Qb3 Qb6 25. Rb1 Qxb3 26. Rxb3 b6 27. Rc1 Kg7 28. Rbc3 Ra8 29. Kf2 Kh6 30. Bb1 c5 31. dxc5 bxc5 32. cxd5 Nxd5 33. Rd3 Nb4 34. Rd7 Kg7 35. Be4 Rad8 36. Rxa7 Nd3+ 37. Bxd3 Rxd3 38. Bb2+ Kf8 39. Rc2 Kg8 40. Bf6 Ng7 41. e4 Ne6 42. a5 Rc8 43. Rb7 Ra3 44. Rb5 Ra8 45. Rcb2 h6 46. Rb8+ Rxb8 47. Rxb8+ Nf8 48. Be7 Ra2+ 49. Kg3 Rxa5 50. Bxf8 Kh7 51. Rc8 1-0